LEADER 00933nam0-22003011i-450- 001 990003178980403321 035 $a000317898 035 $aFED01000317898 035 $a(Aleph)000317898FED01 035 $a000317898 100 $a20000920d--------km-y0itay50------ba 101 0 $aita 102 $aIT 200 1 $aRegionalisation versus globalisation in european financial market integration$eevidence from co-integration analyses$fdi Stefanie Kleimeier, Harald Sander 225 1 $aQuaderni CEIS$v74 610 0 $aMercato finanziario$aUnione europea 676 $aO/1.2430 676 $aO/2.222 702 1$aKleimeier,$bStefanie 702 1$aSander,$bHarald 801 0$aIT$bUNINA$gRICA$2UNIMARC 901 $aBK 912 $a990003178980403321 952 $aPaper$fSES 959 $aSES 996 $aRegionalisation versus globalisation in european financial market integration$9452727 997 $aUNINA DB $aING01